000 00282nam a2200121Ia 4500
008 190216s9999||||xx |||||||||||||| ||und||
100 _aSundaram K P M
245 0 _aBanking And Financial System
260 _bSulthan Chand&Sons
300 _a604
650 _aCommerce
942 _cBK
999 _c6940
_d6940